Entry Personal Name
Number of records used in: 1
001 - CONTROL NUMBER
003 - CONTROL NUMBER IDENTIFIER
005 - DATE AND TIME OF LATEST TRANSACTION
- control field:
20231121161327.0
008 - FIXED-LENGTH DATA ELEMENTS
- fixed length control field:
880622n| azannaabn |n aaa
010 ## - LIBRARY OF CONGRESS CONTROL NUMBER
- LC control number:
n 87848191
035 ## - SYSTEM CONTROL NUMBER
- System control number:
(OCoLC)oca02305887
040 ## - CATALOGING SOURCE
- Original cataloging agency:
DLC
- Language of cataloging:
eng
- Description conventions:
rda
- Transcribing agency:
DLC
- Modifying agency:
DLC
- Modifying agency:
DNLM
046 ## - SPECIAL CODED DATES
100 1# - HEADING--PERSONAL NAME
- Personal name:
Ray, Bibek
670 ## - SOURCE DATA FOUND
- Source citation:
Injured index and pathogenic bacteria, 1989:
- Information found:
CIP t.p. (Bibek Ray, Dept. of Animal Science, U. of Wyoming)
670 ## - SOURCE DATA FOUND
- Source citation:
Lactic acid bacteria, 1996:
- Information found:
CIP t.p. (Bibek Ray) data sheet (b. 07-01-35)